| 000 | 01238pam a2200337 a 4500 | ||
|---|---|---|---|
| 001 | 618127 | ||
| 003 | OSt | ||
| 005 | 20140310182728.0 | ||
| 008 | 930104s1993 nyu b 000 0 eng | ||
| 010 | _a 92056268 | ||
| 020 | _a0060950196 | ||
| 040 |
_aDLC _cDLC _dDLC |
||
| 050 | 0 | 0 |
_aLB 1025.3 _b.G52 1993 |
| 100 | 1 |
_aGlasser, William, _d1925- |
|
| 245 | 1 | 4 |
_aThe quality school teacher : _bspecific suggestions for teachers who are trying to implement the lead-management ideas of The quality school in their classrooms / _cWilliam Glasser. |
| 250 | _a1st ed. | ||
| 260 |
_aNew York : _bHarperPerennial, _c1992. |
||
| 300 |
_axiv, 157 p. : _c21 cm. |
||
| 504 | _aIncludes bibliographical references (p. 155-157). | ||
| 521 | _aEDU | ||
| 562 | _eFor circulation. 1 copy available in the collection. | ||
| 650 | 0 | _aTeaching. | |
| 650 | 0 | _aTeacher-student relationships. | |
| 650 | 0 | _aClassroom management. | |
| 650 | 0 | _aClassroom environment. | |
| 700 | 1 |
_aGlasser, William, _d1925- _tQuality school. |
|
| 906 |
_a7 _bcbc _corignew _d1 _eocip _f19 _gy-gencatlg |
||
| 942 |
_2lcc _cBK _kFOR |
||
| 999 |
_c15426 _d15426 |
||